=LDR 00000nam 2200000 4500 =001 INLIS000000000012185 =005 20130612103725 =008 ***********************************Ind** =035 ##$$0010-061300000012185 =041 ##$$a Ind =082 ##$$a 591.991 =090 ##$$a 592.991, jay m =100 ##$$a Jayadisastra, Jaya =245 ##$$a Mengenal alam hewan; Djajadisastra =260 ##$$a 1976 $b Jakarta =300 ##$$a ...Jil, Ilus, 21 cm =650 ##$$a Alam Hewan =850 ##$$a NBPNMAT